| 000 | 00778nmm a2200313 a 4500 | ||
|---|---|---|---|
| 003 | AR-BaBNM | ||
| 005 | 20251128211235.0 | ||
| 008 | 013020s1998 ||||||||||||||000 | spa|| | ||
| 020 | _a950-506-301-6 | ||
| 040 | _cAR-BaBNM | ||
| 245 | 1 | 0 |
_aPueblos vascos _braíces míticas, aventura universal |
| 260 |
_aBuenos Aires _bEdicial _c1998 |
||
| 300 | 0 | _a255 p. | |
| 650 | 4 | _aCULTURA | |
| 650 | 4 | _aHUMANIDADES | |
| 650 | 4 | _aCIENCIAS SOCIALES | |
| 650 | 4 | _aNACION | |
| 650 | 4 | _aNACIONALIDAD | |
| 650 | 4 | _aDESARROLLO POLITICO | |
| 650 | 4 | _aCIENCIAS POLITICAS | |
| 650 | 4 | _aSOCIOLOGIA | |
| 650 | 4 | _aFRONTERAS | |
| 651 | 4 | _aEuropa Occidental | |
| 651 | 4 | _aEspaña | |
| 653 | 0 | _aVASCOS | |
| 700 | 1 |
_aGabastou, André _edirector |
|
| 942 | _cBK | ||
| 998 | _cMariana | ||
| 999 |
_c18858 _d18858 |
||